00258nam a22000977a 4500008004100000082001500041100000900056245006300065260002400128300000800152230620b xxu||||| |||| 00| 0 eng d a324.6bSAD cSADC aLesotho 2002bElection Observation Mission Mission Report  aLesothobSADCc2002 a50p